| 000 | 00446nam a22001697a 4500 | ||
|---|---|---|---|
| 005 | 20260513164502.0 | ||
| 008 | 260513b |||||||| |||| 00| 0 eng d | ||
| 020 | _a9781526424167 | ||
| 041 | _aEng | ||
| 082 | _a519.5 MAC | ||
| 100 | _aMacInnes, John | ||
| 245 | _aStatistical Inference and Probability | ||
| 260 |
_aLos Angeles _bSage _c2022 |
||
| 300 | _a204;. P. 23 cm | ||
| 650 | _aProbabilities; Mathematical statistics | ||
| 942 | _cBK | ||
| 999 |
_c46571 _d46571 |
||